BIBLIOTECA

SENCICO

Bamboo / (Registro nro. 3712)

Detalles MARC
000 -LEADER
fixed length control field 00826nam a22002537a 4500
003 - CONTROL NUMBER IDENTIFIER
control field PE SENCICO BE
005 - DATE AND TIME OF LATEST TRANSACTION
control field 20251020182623.0
008 - FIXED-LENGTH DATA ELEMENTS--GENERAL INFORMATION
fixed length control field 221220b |||||||| |||| 00| 0 eng d
020 ## - INTERNATIONAL STANDARD BOOK NUMBER
International Standard Book Number 978-3-7419-1400-3
040 ## - CATALOGING SOURCE
Original cataloging agency PE SENCICO BE
Transcribing agency PE SENCICO BE
041 ## - LANGUAGE CODE
Language code of text/sound track or separate title eng
-- ger
-- fre
-- ita
-- spa
082 ## - DEWEY DECIMAL CLASSIFICATION NUMBER
Classification number 721.0449
Item number K
110 1# - MAIN ENTRY--CORPORATE NAME
9 (RLIN) 322
Corporate name or jurisdiction name as entry element Konemann
245 1# - TITLE STATEMENT
Title Bamboo /
Statement of responsibility, etc. Konemann
250 ## - EDITION STATEMENT
Edition statement [1a ed.]
260 ## - PUBLICATION, DISTRIBUTION, ETC.
Place of publication, distribution, etc. Barcelona:
Name of publisher, distributor, etc. Loft Publications,
Date of publication, distribution, etc. 2016
300 ## - PHYSICAL DESCRIPTION
Extent 383 p. :
Other physical details il. col., lams. col. ;
Dimensions 24 cm.
500 ## - GENERAL NOTE
General note Texto en idiomas: inglés, alemán, francés, italiano, español
650 14 - SUBJECT ADDED ENTRY--TOPICAL TERM
9 (RLIN) 179
Topical term or geographic name entry element Ingeniería de estructuras
650 24 - SUBJECT ADDED ENTRY--TOPICAL TERM
9 (RLIN) 323
Topical term or geographic name entry element Bambú (Guadua Angustifolia)
650 24 - SUBJECT ADDED ENTRY--TOPICAL TERM
9 (RLIN) 71
Topical term or geographic name entry element Materiales de construcción
910 ## - USER-OPTION DATA (OCLC)
-- hfp
-- hfp
942 ## - ADDED ENTRY ELEMENTS (KOHA)
Source of classification or shelving scheme Dewey Decimal Classification
Koha item type Libros
Classification part 721.0449
Item part K
Existencias
Fecha de la última vez que lo usaron Número de ingreso o de inventario Pago total Signatura topográfica completa Precio efectivo desde Tipo de documento Estado perdido Sistema de clasificación Estado dañado No es para préstamo Retirado Ubicación permanente Ubicación actual Fecha de adquisición
20/12/2022 16471   721.0449/K 20/12/2022 Libros   Dewey Decimal Classification       Biblioteca Central Lima Biblioteca Central Lima 20/12/2022